| 000 | 01010 a2200241 4500 | ||
|---|---|---|---|
| 003 | Nust | ||
| 005 | 20230831085239.0 | ||
| 010 | _a 2001026003 | ||
| 020 | _c0471333727 (cloth : alk. paper) | ||
| 040 | _cNust | ||
| 082 | 0 | 0 | _a621.38152,SZE |
| 100 | 1 |
_aSze, S. M., _966664 |
|
| 245 | 1 | 0 |
_aSemiconductor devices, physics and technology / _cS.M. Sze. |
| 250 | _a2nd ed. | ||
| 260 |
_aNew York : _bWiley, _cc2002. |
||
| 300 |
_aviii, 564 p. : _bill. (some col.) ; _c26 cm. |
||
| 505 | _aIntroduction (Page-1), Semiconductors Physics (Page-17), Semiconductor Devices (Page-84), Semiconductor Technology (Page-332), List of Symbols (Page-531). | ||
| 650 | 0 | _aTelecommunication Engineering. | |
| 856 | 4 | 2 |
_3Contributor biographical information _uhttp://www.loc.gov/catdir/bios/wiley042/2001026003.html |
| 856 | 4 | 2 |
_3Publisher description _uhttp://www.loc.gov/catdir/description/wiley034/2001026003.html |
| 856 | 4 | 2 |
_3Table of contents _uhttp://www.loc.gov/catdir/toc/onix05/2001026003.html |
| 942 |
_cREF _2ddc |
||
| 999 |
_c178685 _d178685 |
||